000 01209cam a22003377i 4500
001 78772
003 BD-RjUL
005 20211209083154.0
008 130327s2002 ir 000 1 per
020 _a9645722381
035 _a(BD-RjUL)
037 _bLibrary of Congress -- Islamabad Overseas Office
040 _aDLC
_beng
_cDLC
_dDLC
_erda
041 _aeng
100 1 _aداور، ميترا.;; Dāvar, Mītrā,
_d1965 or 1966-
_eauthor.
_9249938
245 1 0 _aصندلى کنار ميز ;'; Ṣandalī kanār-i mīz /
_cميترا داور.;; Mītrā Dāvar.
246 3 _a.Ṣandalī kinār-i mīz
250 _aچاپ اول.;; Chāp-i avval.
264 1 _aTihrān :تهران :‏ :
_bNashr-i Pāzīnah,
_c2006
300 _a116 pages ;
_c22 cm.
336 _atext
_2rdacontent
337 _aunmediated
_2rdamedia
338 _avolume
_2rdacarrier
490 0 _aMajmūʻah-i adabīyāt-i dāstānī ;
_v3
500 _aShort stories.
650 _vداستان هاي كوتاه فارسي
_9249939
830 _aMajmūʻah-i adabīyāt-i dāstānī, ‏مجموعه ادبيات داستانى ؛‏
_v3
_9249940
942 _2ddc
_cBK
999 _c78772
_d78772